000 00581nam a2200193 a 4500
001 000027762
003 DO-SdBNP
005 20250501100456.0
008 110404s1998 dr ab 000 0 spa d
040 _aDO-SdBNP
_bspa
_cBNPHU
049 _aBNPD
082 _axxxx
_bR426
110 1 _aRepública Dominicana.
_bOficina Nacional de Estadística
_cedición Enrique Eusebio
_95775
245 1 0 _aRepública Dominicana en cifras 1997.
260 _aSanto Domingo :
_bONE,
_c1998.
300 _a264 p. :
_bil., map. ;
_c28 cm.
700 1 _aEusebio, Enrique
_927213
942 _2ddc
_cLBS1
999 _c27254
_d27254